000 00849nam a2200253Ia 4500
003 OSt
005 20220923214053.0
006 a|||||r|||| 00| 0
007 ta
008 220922b |||||||| |||| 00| 0 hin d
024 _a166,821
037 _cTextual
040 _aARTS
_cARTS
_bhin
041 _2hin
_ahin
082 _aO152,1J55,23, J9
100 _aमिश्र, विश्वनाथप्रसाद
245 0 _aरसिकप्रिया
246 _aRasikapriyā
260 _aवाराणसी
_b कल्याणदास एंड ब्रदर्स
_c1958
300 _a304पृ.
_ccm.
650 _aहिन्दी साहित्य
_9156264
942 _hO152,1J55,23, J9
_cTEXL
_2CC
999 _c321300
_d321300